| 000 | 01302cam a22002777a 4500 | ||
|---|---|---|---|
| 999 |
_c15881 _d15881 |
||
| 003 | EG-ScBUE | ||
| 005 | 20200115110253.0 | ||
| 008 | 110821s1985 ua f b 000 0 ara d | ||
| 020 | _a9771032542 | ||
| 040 |
_aEG-ScBUE _bara _erda _cEG-ScBUE _dEG-ScBUE |
||
| 082 | 0 | 4 |
_a492.7810882971 _bع ش ي _222 |
| 100 | 1 |
_aعشيري، محمد رياض، _eمؤلف. _926811 |
|
| 245 | 1 | 2 |
_aالتصور اللغوي عند الإسماعيلية : _bدراسة في كتاب الزينة لأبي حاتم الرازي ت 322 هـ / _cدكتور محمد رياض العشيري، مدرس علم اللغة، كلية البنات، جامعة عين شمس. |
| 264 | 1 |
_aالإسكندرية : _bمنشأة المعارف، _c1985. |
|
| 300 |
_a342 صفحة ؛ _c24 سم |
||
| 336 |
_2rdacontent _aنص _btxt |
||
| 337 |
_2rdamedia _aبدون وسيط _bn |
||
| 338 |
_2rdacarrier _aمجلد _bnc |
||
| 504 | _aيشتمل على إرجاعات ببليوجرافية. | ||
| 590 | _abasantemad | ||
| 600 | 1 | 7 |
_926812 _aأبو حاتم الرازي، أحمد بن حمدان، _dت. 322 هـ.. _tزينة في الكلمات العربية والإسلامية. _2BUEsh |
| 650 | 7 |
_aالبلاغة العربية _2BUEsh _916317 |
|
| 653 |
_cAugust2011 _bGGEN |
||
| 655 | _vReading book | ||
| 942 |
_2ddc _cBB |
||